History Quiz

Random History or World Quiz

WWII Invasions Quiz Stats

Quiz not verified by Sporcle

Also try: 'K' in History
Challenge
Share
Tweet
Embed
Score 0/61 Timer 07:00
0 Plays Today
Invaded by Country/ Colony/ Territory % Correct
GermanyFrance
96.1%
Germany and USSRPoland
93.8%
USSRChina
90.9%
GermanyUSSR
90.9%
USA and Great BritainItaly
87.4%
Allied ForcesGermany
86%
GermanyBelgium
84.4%
GermanyNorway
82.5%
GermanyJersey
81.3%
USAJapan
81.3%
USSRFinland
81.1%
JapanUSA (territories and outlying islands)
81.1%
GermanyGuernsey
80.8%
GermanyThe Netherlands
80.6%
ItalyEgypt
80.5%
ItalyGreece
78.8%
GermanyDenmark
77.4%
USSRHungary
72.4%
JapanIndochina
70.7%
USSRRomania
69.6%
Great BritainLibya
69.2%
Allied ForcesMorocco
68.2%
JapanIndia
68.2%
Allied ForcesAlgeria
67.4%
JapanNetherlands East Indies
66.2%
Axis ForcesYugoslavia
65.4%
Allied ForcesTunisia
64.9%
GermanyLuxembourg
64%
USSRKorea
63.8%
JapanPhilippines
63%
USSRBulgaria
62.9%
Invaded by Country/ Colony/ Territory % Correct
USSRLatvia
61.7%
USSREstonia
61.1%
USSRLithuania
60.6%
Great BritainItalian East Africa
60.1%
JapanBurma
56%
JapanThailand
54.3%
JapanBritish Malaya
53.5%
JapanSingapore
50.9%
Great Britain and USSRIran
49.5%
Great BritainIraq
48.9%
USASouth Pacific Mandate
45.8%
ItalySudan
40.9%
JapanNew Guinea
40%
JapanBritish Solomon Islands
39.9%
Great BritainIceland
39.5%
ItalyMonaco
37.2%
GermanySan Marino
36.2%
Allied ForcesSyria
35.9%
JapanBrunei
31.5%
Allied ForcesLebanon
28.3%
ItalyKenya
24.7%
JapanHong Kong
24.7%
JapanGillbert and Ellice Islands
24.2%
Great BritainFrench Somaliland
20.5%
Great BritainMadagascar
19.3%
JapanPortuguese Timor
17.3%
JapanNauru
16.9%
ItalyBritish Somaliland
9.7%
JapanSarawak
6.3%
JapanNorth Borneo
5.7%

You're not logged in!

Compare scores with friends on all Sporcle quizzes.
Join for Free
OR
Log In

You Might Also Like...

Show Comments

Extras

Top Quizzes Today


Score Distribution

Your Account Isn't Verified!

In order to create a playlist on Sporcle, you need to verify the email address you used during registration. Go to your Sporcle Settings to finish the process.

Report this User

Report this user for behavior that violates our Community Guidelines.

Details: